000 00564nam a2200205Ia 4500
005 20250326145621.0
008 250326s9999 xx 000 0 und d
037 _aTextbook
040 _aFMSL
_beng
_cFMSL
041 _aeng
_2eng
084 _aX:89A Q8
_qFMSL
100 _aBrown S
_9152081
245 0 _aStrategic operations management
_cBrown S And Others
250 _a4
260 _aUnited Kingdom
_bUnited Kingdom, Routledge
_c2018
365 _aUKP
_b49.99
650 _aManagement
942 _cTB
_hX:89A Q8
999 _c1308192
_d1308192